| Tag |
First Indicator |
Second Indicator |
Subfields |
| LEADER |
00000cam a2200000 a 4500 |
| 001 |
in00000972740 |
| 005 |
20150927111218.0 |
| 008 |
851113s1984 quc b 00000 eng d |
| 010 |
|
|
|a cn 87010164
|
| 019 |
|
|
|a 16868797
|
| 020 |
|
|
|a 088819062X
|
| 035 |
|
|
|a (OCoLC)12788082
|
| 035 |
|
|
|9 AEW0770AM
|
| 040 |
|
|
|a PCJ
|c PCJ
|d WAU
|d m/c
|d OCL
|d NLC
|d TXA
|d UtOrBLW
|
| 041 |
0 |
|
|a eng
|a fre
|
| 043 |
|
|
|a cl-----
|
| 049 |
|
|
|a TXAM
|
| 055 |
0 |
0 |
|a BL2540
|b C38 1984
|
| 082 |
0 |
|
|a 282/.8
|2 19
|
| 090 |
|
|
|a BX1426.2
|b .C37 1984
|
| 092 |
|
|
|a 270.53
|b 4597, B894c
|
| 245 |
0 |
4 |
|a The Catholic Church and religions in Latin America /
|c edited by Thomas C. Bruneau, Chester E. Gabriel, Mary Mooney.
|
| 264 |
|
1 |
|a Montreal :
|b McGill University Centre for Developing-Area Studies,
|c 1984.
|
| 300 |
|
|
|a vi, 279 pages ;
|c 22 cm.
|
| 336 |
|
|
|a text
|b txt
|2 rdacontent
|
| 337 |
|
|
|a unmediated
|b n
|2 rdamedia
|
| 338 |
|
|
|a volume
|b nc
|2 rdacarrier
|
| 490 |
1 |
|
|a Monograph series / Centre for Developing-Area Studies, McGill University,
|x 0702-8431 ;
|v 18
|
| 504 |
|
|
|a Bibliography: pages 239-278.
|
| 651 |
|
0 |
|a Latin America
|x Religious life and customs.
|
| 610 |
2 |
0 |
|a Catholic Church
|z Latin America.
|
| 650 |
|
0 |
|a Christianity and other religions
|z Latin America.
|
| 700 |
1 |
|
|a Bruneau, Thomas C.
|
| 700 |
1 |
|
|a Gabriel, Chester E.
|
| 700 |
1 |
|
|a Mooney, Mary.
|
| 710 |
2 |
|
|a McGill University.
|b Centre for Developing-Area Studies.
|
| 830 |
|
0 |
|a Occasional monograph series (McGill University. Centre for Developing-Area Studies) ;
|v 18.
|
| 999 |
|
|
|a MARS
|
| 999 |
f |
f |
|s db4b266b-3a5d-3549-8f9c-a00ff52bed2d
|i ce4b8e1e-fd3d-3709-8f31-64f5ca12e7b7
|t 0
|
| 952 |
f |
f |
|p normal
|a Texas A&M University
|b College Station
|c Sterling C. Evans Library
|d Evans: Library Stacks
|t 0
|e BX1426.2 .C37 1984
|h Library of Congress classification
|i unmediated -- volume
|m A14814025085
|
| 998 |
f |
f |
|a BX1426.2 .C37 1984
|t 0
|l Evans: Library Stacks
|